Vật liệu xây dựng đường ôtô và sân bay

Kaydedildi:
Detaylı Bibliyografya
Yazar: Phạm, Duy Hữu
Materyal Türü: Kitap
Dil:Undetermined
Baskı/Yayın Bilgisi: Hà Nội Xây dựng 2004
Konular:
Etiketler: Etiketle
Etiket eklenmemiş, İlk siz ekleyin!
Thư viện lưu trữ: Trung tâm Học liệu Trường Đại học Cần Thơ
LEADER 00567nam a2200193Ia 4500
001 CTU_96597
008 210402s9999 xx 000 0 und d
020 |c 45000 
082 |a 691 
082 |b H566 
100 |a Phạm, Duy Hữu 
245 0 |a Vật liệu xây dựng đường ôtô và sân bay 
245 0 |c Phạm Duy Hữu 
260 |a Hà Nội 
260 |b Xây dựng 
260 |c 2004 
650 |a Building materials,Construction materials 
904 |i Tuyến 
980 |a Trung tâm Học liệu Trường Đại học Cần Thơ